| 000 | 01058nam a22002057a 4500 | ||
|---|---|---|---|
| 003 | OSt | ||
| 005 | 20210412135153.0 | ||
| 008 | 210412s2014 ck ||||gr|||| 00| 0 spa d | ||
| 020 | _a9788490820711 | ||
| 040 |
_aCO-JMCR _cCO-JMCR |
||
| 041 | 0 | _aspa | |
| 082 | 0 | 4 |
_a657.48 / _bL196c _223 |
| 100 | 1 |
_aLallana Sotillos, Carlos, _eautor _936733 |
|
| 245 | 1 | 0 |
_aContabilidad financiera / _cCarlos Lallana Sotillos |
| 300 |
_a203 páginas ; _c23 cm. |
||
| 505 | 0 | _aPresentación de la signatura. --Procedimiento de evaluación continua en contabilidad financiera. -- Introducción. -- El marco conceptual de la contabilidad financiera. -- Tratamiento contable del inmovilizado. -- Base teórica para la contabilización del impuesto sobre las ganancias. -- Tratamiento contable de los impuestos sobre beneficios.-- Los instrumentos financieros. -- Comentarios sobre la NRV 11ª(moneda extranjera). -- Ejercicios para la evaluación continua. | |
| 650 | 1 | 4 |
_aContabilidad financiera. _936693 |
| 650 | 2 | 4 |
_aContabilización de impuestos _936734 |
| 942 |
_2ddc _cBK |
||
| 999 |
_c15532 _d15532 |
||